000
00297nam a22001217a 4500
020
_a
0-13-539677-8
082
_a
629.8 FRI'L
100
_a
FRIEDMAN, SANDER B
_9
67552
245
_a
LOGICAL DESIGN OF AUTOMATION SYSTEMS
260
_a
NEWJERSCY
_b
PRENTICE HALL
_c
1990
300
_a
214P
942
_c
BK
999
_c
575301
_d
575301